[Event "CP-Remote email"]
[Site "Remote email"]
[Date "2013.02.10"]
[Round "?.3"]
[White "Zill, Christoph"]
[Black "Pligin, Sergey Aleksandrovi"]
[Result "1/2-1/2"]
[WhiteElo "2399"]
[BlackElo "2497"]
[PlyCount "41"]
[EventDate "2013.??.??"]
[EventType "team-match (corr)"]
[EventRounds "2"]
[EventCountry "GER"]
[SourceTitle "Corr 2015"]
[Source "ChessBase"]
[SourceDate "2015.07.17"]
[SourceVersion "1"]
[SourceVersionDate "2015.07.17"]
[SourceQuality "1"]
[WhiteTeam "Remote"]
[BlackTeam "ChessPlanet"]

1. e4 d6 2. d4 Nf6 3. Nc3 e5 4. dxe5 dxe5 5. Qxd8+ Kxd8 6. Bg5 Be6 7. 0-0-0+ Nbd7 8. f4 exf4 9. Nf3 Kc8 10. Bxf4 Bc5 11. e5 Ng4 12. Ne4 Be3+ 13. Bxe3 Nxe3 14. Rd2 c6 15. Bd3 Kc7 16. Neg5 Rae8 17. Nxe6+ Rxe6 18. Re1 Nd5 19. Bc4 N7b6 20. Bxd5 Nxd5 21. Nd4 1/2-1/2